Die aktivsten Vulkane der Welt - Statistiken

Allgemein
  • Dieses Quiz wurde 68 mal gespielt
  • Das Durchschnittsergebnis liegt bei 2 aus 13
Antwortstatistiken
Land Höhe in m Hinweise Vulkan % Korrekt
Italien 3357 Ätna
93%
Italien 924 Stromboli
48%
Mexiko 5393 Popocatépetl
17%
USA (Hawaii) 1247 Kīlauea
14%
Tonga 149 Submariner Vulkan Hunga Tonga
10%
USA 2549 Mount St. Helens
7%
Indonesien 157 Vulkaninsel Anak Krakatau
5%
Island 1666 Befindet sich unter gleichnamigem Gletscher Eyjafjallajökull
5%
Frankreich (La Réunion) 2632 Piton de La Fournaise
3%
Costa Rica 1657 Arenal
2%
Chile 3125 Llaima
0%
Demokratische Republik Kongo 3470 Nyiragongo
0%
Japan 1117 Sakurajima
0%
Keine übereinstimmenden Quizze gefunden
Verteilung der Resultate
Anzahl Personen mit jedem Resultat
Perzentil nach korrekt beantworteten Fragen
Ihre Resultats-Entwicklung
Sie haben dieses Quiz noch nicht gespielt